Kerem gibi (Record no. 4935)

MARC details
000 -BAŞLIK
Sabit Uzunlukta Kontrol Alanı 00906na a2200289 4500
001 - KONTROL NUMARASI
Denetim Alanı 13951
003 - KONTROL NUMARASI IDENTIFIER
Denetim Alanı MIRAKIL
005 - SON İŞLEM TARİHİ VE ZAMANI
Denetim Alanı 20181213155022.0
008 - SABİT-BOY VERİ ELEMANLARI - GENEL BİLGİLER
Sabit Uzunlukta Kontrol Alanı 161024b tu 000 0
020 ## - ULUSLARARASI STANDART KİTAP NUMARASI
Uluslararası Standart Kitap Numarası 9786055988166
035 ## - SİSTEM KONTROL NUMARASI
Sistem Kontrol Numarası 13951
040 ## - KATALOGLAMA KAYNAK
Orijinal Kataloglama Ajansı Milas
Kataloglama Dili tur
Metne Dönüştürmek Ajansı TR-AnCHP
041 ## - DİL KODU
Metin / Ses Parça Veya Ayrı Başlığın Dil Kodu tur
082 ## - DEWEY ONLU SINIFLANDIRMA NUMARASI
Sınıflandırma Numarası 818.4209
Ürün Numarası A52k 2009
090 ## - SINIFLAMA NUMARASI
Sınıflama Numarası 818.4209 A52k 2009
100 ## - ANA GİRİŞ - KİŞİSEL İSİM
Kişisel Ad Anar
245 ## - BAŞLIK TABLOSU
Başlık Kerem gibi
Başlığın Kalan Nazım Hikmet'in hayatı ve sanatı hakkında düşünceler
Sorumluluk Tablosu, Vb Anar
246 ## - UNVAN FORM VARYING
Başlık Doğru / Kısa Başlığı Nazım Hikmet'in hayatı ve sanatı hakkında düşünceler
260 ## - YAYIN, DAĞITIM, VB
Yayın, Dağıtım, Vb Yeri Ankara
Yayıncı, Dağıtıcı, Vs Adı Bengü Yayınları
Yayın, Dağıtım, Vb Tarihi 2009
300 ## - FİZİKSEL TANIM
Kapsam 357 s.
Diğer Fiziksel Ayrıntıları fotg.
Boyutlar 21 sm.
440 ## - SERİSİ TABLOSU / KATMA GİRİŞİ - BAŞLIK
Başlık Bengü yayınları
Hacim / Ardışık Tanımı 12
490 ## - SERİSİ TABLOSU
Seri Beyanı Azerbeycan Edebiyatı
Hacim / Ardışık Tanımı 8
600 ## - KONU KATMA GİRİŞ - KURUMSAL ADI
Kişisel Ad Nazım Hikmet
Bir Adıyla İlişkilendirilen Tarihler 1902 - 1963
Genel Alt Bölümü Yaşamöyküsü
650 ## - KONU KATMA GİRİŞ - TOPİKAL DÖNEM
Topikal Süreli Veya Coğrafi Ad Giriş Elemanı Türkçe şiir
Genel Alt Bölümü Denemeler
650 ## - KONU KATMA GİRİŞ - TOPİKAL DÖNEM
Topikal Süreli Veya Coğrafi Ad Giriş Elemanı Türk şairler
Genel Alt Bölümü Araştırma ve inceleme
Kronolojik Alt Bölümü Denemeler
942 ## - EKLENDİ GİRİŞ ELEMANLARI (KOHA)
Sınıflandırma Veya Raf Düzeni Kaynak
Koha Öğesi Türü Books
999 ## - SİSTEM KONTROL NUMARALARI (KOHA)
Koha Biblionumber 4935
Koha Biblioitemnumber 4935
Holdings
Kalıcı Konum Mevcut Konum Edinme Tarihi Edinim Kaynak Toplam Check-Out'Lar Tam Çağrı Numarası Barkod Tarih Son Görülme İtibaren Geçerli Fiyatlar Koha Öğesi Türü
CHP Kütüphanesi CHP Kütüphanesi 08/22/2016 Bağış   818.4209 A52k 2009 001695 08/22/2016 08/22/2016 Books